A New generation of cost saving curatives (Record no. 53430)

MARC details
000 -LEADER
fixed length control field 00459nam a2200169Ia 4500
100 ## - MAIN ENTRY--AUTHOR NAME
Personal name Debaud Fabien
245 #2 - TITLE STATEMENT
Title A New generation of cost saving curatives
260 ## - PUBLICATION, DISTRIBUTION, ETC. (IMPRINT)
Name of publisher Rubber World
Year of publication 2005
300 ## - PHYSICAL DESCRIPTION
Number of Pages 39-42,56
650 ## - SUBJECT ADDED ENTRY--TOPICAL TERM
Topical Term Controlled speed technology
650 ## - SUBJECT ADDED ENTRY--TOPICAL TERM
Topical Term Peroxide crosslinking
650 ## - SUBJECT ADDED ENTRY--TOPICAL TERM
Topical Term Scorch protection
700 ## - ADDED ENTRY--PERSONAL NAME
Personal name Defrancisci Alfredo
700 ## - ADDED ENTRY--PERSONAL NAME
Personal name Palys Leonard H
942 ## - ADDED ENTRY ELEMENTS (KOHA)
Koha item type Journals
Holdings
Withdrawn status Lost status Damaged status Not for loan Home library Current library Shelving location Date acquired Serial Enumeration / chronology Koha item type
      Journals RRII Library RRII Library Rubber chemistry 17/12/2021 Volume 232, Issue 2 Journals